00623 2200241 4500001002100000005001700021008004100038035002400079082001300103090002000116100001900136245002900155250001100184260004100195300002200236440002800258650003300286850001500319980001100334985000600345999001500351999001500366YOGYA-0209000000496420090227020750.0 ind  0010-020900000004964 a001.6424 a001.6424bLim C aLIM, Ming Hoey aChiwritercLim Ming Hoey aCet. 5 aJakartabElex Media Komputindoc1990 axi, 135 hlmbilus aSeri pelajaran komputer aChiwriter (Program komputer) aYOPDYOG(B) a230505 a2 aP000031628 aP000031629